Requisitos y condiciones de un proceso democrático de elecciones / Bolívar Lamounier
sin resumen
Պահպանված է:
| Հիմնական հեղինակ: | |
|---|---|
| Համատեղ հեղինակ: | |
| Ձևաչափ: | Գիտաժողովի նյութեր |
| Լեզու: | Spanish |
| Հրապարակվել է: |
Sao Paulo, Brasil:
IDESP,
1983
|
| Ցուցիչներ: |
Ավելացրեք ցուցիչ
Չկան պիտակներ, Եղեք առաջինը, ով նշում է այս գրառումը!
|
MARC
| LEADER | 00000 a a2200000 04500 | ||
|---|---|---|---|
| 001 | 1137 | ||
| 003 | cru CIDCACS/IIS | ||
| 005 | 20200820154050.0 | ||
| 008 | 200820b ||||| |||| 00| 0 spa d | ||
| 999 | |c 1857 |d 1857 | ||
| 040 | |c cru CIDCACS/IIS | ||
| 090 | |a 10168.00 | ||
| 100 | |a Lamounier, Bolívar | ||
| 245 | 1 | |a Requisitos y condiciones de un proceso democrático de elecciones / |b Bolívar Lamounier | |
| 260 | |a Sao Paulo, Brasil: |b IDESP, |c 1983 | ||
| 300 | |a 26 p | ||
| 520 | |a sin resumen | ||
| 711 | 2 | |9 9534 |a Conferencia Las elecciones y la democracia en Centroamérica / |c San José, Costa Rica, |d 1983 julio 27-30 |e Instituto Interamericano de Derechos Humanos | |
| 942 | |2 ddc |c LI | ||
